[Event "Yuzhny Open"]
[Site "Yuzhny UKR"]
[Date "2011.09.05"]
[Round "4.28"]
[White "Neschetny,V"]
[Black "Rodin,A"]
[Result "1-0"]
[WhiteElo "2123"]
[BlackElo "1921"]

1.d4 Nf6 2.c4 e6 3.Nc3 Bb4 4.f3 d5 5.a3 Bxc3+ 6.bxc3 O-O 7.e3 Nc6 8.cxd5 exd5
9.Bd3 Nh5 10.Ne2 Qh4+ 11.g3 Qh3 12.Kf2 Bd7 13.Qb3 Qe6 14.g4 Na5 15.Qc2 Nf6
16.Nf4 Nxg4+ 17.fxg4 Qxg4 18.h4 Nc4 19.Nxd5 Nd6 20.Nf6+ gxf6 21.Rg1 h5 22.Rxg4+ hxg4
23.c4  1-0

[Event "FSIM September"]
[Site "Budapest HUN"]
[Date "2011.09.06"]
[Round "4"]
[White "Kantor,G"]
[Black "Lengyel,B"]
[Result "1/2-1/2"]
[WhiteElo "2268"]
[BlackElo "2288"]

1.d4 Nf6 2.c4 e6 3.Nc3 Bb4 4.f3 d5 5.a3 Bxc3+ 6.bxc3 c5 7.cxd5 Nxd5 8.dxc5 Qa5
9.e4 Ne7 10.Be3 O-O 11.Qb3 Nec6 12.Bb5 a6 13.Bxc6 Nxc6 14.Ne2 e5 15.O-O Be6
16.c4 Qc7 17.Rac1 Rfd8 18.Rfd1 Na5 19.Qc3 Bxc4 20.Ng3 Be6 21.Nf5 Nc6 22.Nd6 Rd7
23.Rb1 Qd8 24.Rd2 b5 25.Rbd1 Qa5 26.Qb2 Rad8 27.h3 h6 28.Kh1 Qa4 29.Rf1 Qb3
30.Qxb3 Bxb3 31.Rc1 f6 32.Rb2 Be6 33.Rcc2 h5 34.Kg1 h4 35.Kf2 g5  1/2-1/2

[Event "13th Trieste Open"]
[Site "Trieste ITA"]
[Date "2011.09.06"]
[Round "5"]
[White "Volkov,Sergey1"]
[Black "Baklan,V"]
[Result "1/2-1/2"]
[WhiteElo "2614"]
[BlackElo "2617"]

1.d4 Nf6 2.c4 e6 3.Nc3 Bb4 4.f3 d5 5.a3 Bxc3+ 6.bxc3 c5 7.cxd5 Nxd5 8.dxc5 Qa5
9.e4 Nf6 10.Be3 O-O 11.Kf2 Nfd7 12.Rb1 Rd8 13.Qb3 Qc7 14.Rd1 Rf8 15.Qc4 Ne5
16.Qa4 Nbd7 17.Qd4 Nc6 18.Qa4  1/2-1/2

[Event "1st Barclays Open A"]
[Site "Rome ITA"]
[Date "2011.09.07"]
[Round "4.7"]
[White "Paikidze,N"]
[Black "Jones,G"]
[Result "1/2-1/2"]
[WhiteElo "2412"]
[BlackElo "2624"]

1.d4 Nf6 2.c4 e6 3.Nc3 Bb4 4.f3 Nc6 5.a3 Bxc3+ 6.bxc3 b6 7.Bg5 Ba6 8.e4 Na5
9.e5 h6 10.Bh4 g5 11.Bf2 Nh5 12.h4 f5 13.hxg5 Qxg5 14.Nh3 Qg6 15.g4 fxg4
16.Bd3 Qf7 17.fxg4 Nf4 18.Nxf4 Qxf4 19.Qe2 O-O-O 20.Be3 Qg3+ 21.Bf2 Qf4 22.Be3 Qg3+  1/2-1/2

[Event "13th Trieste Open"]
[Site "Trieste ITA"]
[Date "2011.09.07"]
[Round "6"]
[White "Volkov,Sergey1"]
[Black "Timoshenko,G"]
[Result "1-0"]
[WhiteElo "2614"]
[BlackElo "2572"]

1.d4 Nf6 2.c4 e6 3.Nc3 Bb4 4.f3 d5 5.a3 Bxc3+ 6.bxc3 c5 7.cxd5 Nxd5 8.dxc5 Qa5
9.e4 Nf6 10.Be3 O-O 11.Nh3 Nfd7 12.Qb3 Qc7 13.Qc4 Ne5 14.Qb4 Nbc6 15.Qa4 Nd7
16.Bb5 Na5 17.Qb4 Nc6 18.Bxc6 Qxc6 19.Rd1 a5 20.Qd4 e5 21.Qd5 Qa4 22.O-O Ra6
23.Nf2 Re8 24.Rb1 Rg6 25.Nd3 Qc2 26.Nf2 Qxc3 27.Rb3 Qc2 28.Rc1 Qe2 29.Qd1 Qa6
30.Rd3 Nb8 31.Qd2 Nc6 32.Rb1 Qc4 33.Rc1 Qa6 34.Qc3 Rge6 35.Nd1 R6e7 36.Nb2 Be6
37.Na4 f5 38.Nb6 fxe4 39.fxe4 Rf7 40.h3 h6 41.Kh2 Kh7 42.Rb1 Ba2 43.Rb2 Be6
44.Rb1 Ba2 45.Rbd1 Be6 46.Qc2 Kg8 47.Qd2 Qb5 48.Nd5 Qc4 49.Bxh6 Qxe4 50.Rg3 Bxd5
51.Qxd5 Qxd5 52.Rxd5 Rd8 53.Rxd8+ Nxd8 54.Bd2 Nc6 55.Rd3 Kf8 56.h4 Ke8 57.h5 Rf5
58.g4 Rf1 59.Kg2 Rd1 60.Kf3 a4 61.Ke4 Rg1 62.g5 Rh1 63.h6 gxh6 64.gxh6 Rh2
65.Bg5 Kf7 66.Rd7+ Ke6 67.Rxb7 Re2+ 68.Be3 Rh2 69.h7 Rh4+ 70.Kf3 Kf5 71.Kg3 Rh1
72.Kg2 Rh5 73.Rc7 Ke4 74.Rxc6 Kxe3 75.Rc7 Kd4 76.Kf3 e4+ 77.Kf4 e3 78.Rd7+ Kxc5
79.Kxe3 Kc6 80.Ra7 Kb6 81.Rg7 Rh4 82.Kf3 Kc5 83.Kg3 Rh1 84.Kf4 Kc4 85.Rb7 Kd5
86.Kf5 Rh3 87.Kg6 Kc6 88.Ra7 Kb6 89.Rf7 Kc5 90.Kg7 Rg3+ 91.Kf8 Rh3 92.Kg8  1-0

[Event "ch-POR Final"]
[Site "Amadora POR"]
[Date "2011.09.10"]
[Round "8"]
[White "Vasques,A"]
[Black "Ulyanovskyy,Vl UKR"]
[Result "1/2-1/2"]
[WhiteElo "2200"]
[BlackElo "2085"]

1.d4 Nf6 2.c4 e6 3.Nc3 Bb4 4.f3 d5 5.a3 Bxc3+ 6.bxc3 h6 7.cxd5 exd5 8.e3 Bf5
9.Ne2 O-O 10.Ng3 Bg6 11.Bd3 Bxd3 12.Qxd3 c5 13.O-O Nc6 14.Ra2 Qd7 15.Nf5 Ne7
16.Ng3 Nc6 17.Nf5 Ne7 18.Ng3  1/2-1/2

[Event "TUR-IRI Friendship Match"]
[Site "Ankara TUR"]
[Date "2011.09.11"]
[Round "3.4"]
[White "Can,E"]
[Black "Moradiabadi,E"]
[Result "1/2-1/2"]
[WhiteElo "2466"]
[BlackElo "2549"]

1.d4 Nf6 2.c4 e6 3.Nc3 Bb4 4.f3 d5 5.a3 Bxc3+ 6.bxc3 c5 7.cxd5 Nxd5 8.dxc5 Qa5
9.e4 Nf6 10.Be3 O-O 11.Qb3 Nfd7 12.Nh3 Qc7 13.Qb5 b6 14.Rd1 Nxc5 15.Bxc5 bxc5
16.Qa4 Bd7 17.Bb5 Bxb5 18.Qxb5 a6 19.Qa4 Nc6 20.O-O  1/2-1/2

[Event "ch-Nordic Senior"]
[Site "Reykjavik ISL"]
[Date "2011.09.12"]
[Round "3.10"]
[White "Jonsson,S"]
[Black "Malmdin,N"]
[Result "1/2-1/2"]
[WhiteElo "1836"]
[BlackElo "2307"]

1.d4 Nf6 2.c4 e6 3.Nc3 Bb4 4.f3 d5 5.a3 Bxc3+ 6.bxc3 h6 7.Nh3 O-O 8.e3 Nc6
9.Bd3 e5 10.Nf2 Re8 11.O-O e4 12.cxd5 exd3 13.dxc6 bxc6 14.Nxd3 Nd5 15.Ne5 c5
16.Qd3 cxd4 17.exd4 c5 18.Rd1 cxd4 19.cxd4 Qf6 20.Bd2 Be6 21.Rac1 Rec8 22.Qe4 Qe7
23.a4 Qa3 24.a5 Qa4 25.f4 Nf6 26.Qd3 Bd5 27.Ra1 Qe8 28.Re1 Qd8 29.Rec1 Ne4
30.Be1 Qd6 31.f5 Rab8 32.Rab1 Rxc1 33.Rxc1 Ba8 34.Nf3 Qd5 35.f6 Nxf6 36.Rc5 Qa2
37.Qc2 Qe6 38.Re5 Qd7 39.Bf2 Nd5 40.Re1 Rc8 41.Qb3 Nf4 42.Qe3 Nd5 43.Qb3 Qc7
44.Qb5 Nf6 45.Bg3 Qc3 46.Qa6 Ne4 47.Bf4 g5 48.Be3 g4 49.Nd2 Re8 50.Qxh6 Re6
51.Qh4 Nxd2 52.Qg5+ Rg6 53.Bxd2 Qxd4+ 54.Qe3 Qd5 55.Qe8+ Kh7 56.Qe2 Re6 57.Qf2 Rxe1+
58.Bxe1  1/2-1/2

[Event "ch-Euro Youth b16"]
[Site "Albena BUL"]
[Date "2011.09.13"]
[Round "3.1"]
[White "Grigoryan,K2"]
[Black "Santos Latasa,J"]
[Result "1/2-1/2"]
[WhiteElo "2473"]
[BlackElo "2309"]

1.d4 Nf6 2.c4 e6 3.Nc3 Bb4 4.f3 d5 5.a3 Be7 6.e4 dxe4 7.fxe4 e5 8.d5 Bc5
9.Bg5 h6 10.Bh4 Bd4 11.Nf3 c5 12.Qc2 Bg4 13.Nxd4 exd4 14.Nb1 Nbd7 15.Bd3 g5
16.Bf2 Ne5 17.O-O O-O 18.h3 Bh5 19.Bg3 Qe7 20.Nd2 Bg6 21.Bxe5 Qxe5 22.Nf3 Qg3
23.e5 Bxd3 24.Qxd3 Nh5 25.Qd2 Nf4 26.Kh1 b5 27.b3 bxc4 28.bxc4 Rab8 29.Rae1 Rb3
30.e6 fxe6 31.dxe6 Rd3 32.Qb2 Rxf3 33.gxf3 Nd3 34.Qg2 Qxg2+ 35.Kxg2 Nxe1+
36.Rxe1 Rc8 37.f4 Kg7 38.e7 Kf7 39.fxg5 hxg5 40.Re5 Re8 41.Rxg5 Rxe7 42.Rxc5 Re2+  1/2-1/2

[Event "ch-Euro Youth b16"]
[Site "Albena BUL"]
[Date "2011.09.13"]
[Round "3.9"]
[White "Bukavshin,I"]
[Black "Johansson,Linus"]
[Result "1-0"]
[WhiteElo "2539"]
[BlackElo "2195"]

1.d4 Nf6 2.c4 e6 3.Nc3 Bb4 4.f3 d5 5.a3 Bxc3+ 6.bxc3 c5 7.cxd5 Nxd5 8.dxc5 Qa5
9.e4 Ne7 10.Be3 O-O 11.Qb3 Qc7 12.Bb5 Nec6 13.Rd1 Na5 14.Qa4 a6 15.Be2 e5
16.Nh3 Be6 17.Qb4 Nbc6 18.Qb6 Qe7 19.Rd5 Bxh3 20.gxh3 f5 21.Rg1 fxe4 22.fxe4 Qh4+
23.Rg3 Rf7 24.Qb1 h6 25.Qd3 Raf8 26.Rd7 Rxd7 27.Qxd7 Qf6 28.Rf3 Qe7 29.Qd5+ Kh7
30.Rxf8 Qxf8 31.Bg4 Qe7 32.Ke2 g6 33.h4 Nd8 34.h5 gxh5 35.Bxh5 Nac6 36.Bg4 Qf7
37.Qd6 Qc4+ 38.Kf2 Qxe4 39.Qxh6+ Kg8 40.Qg5+ Kf8 41.Qf6+ Kg8 42.Bf5 Qd5 43.Qg6+ Kf8
44.Bh6+ Ke7 45.Bg5+ Kf8 46.Qh6+ Ke8 47.Qh8+ Kf7 48.Qh7+ Ke8 49.Bd7+  1-0

[Event "2nd Livigno Open A"]
[Site "Livigno ITA"]
[Date "2011.09.13"]
[Round "2.2"]
[White "Volkov,Sergey1"]
[Black "Naumkin,I"]
[Result "1-0"]
[WhiteElo "2614"]
[BlackElo "2473"]

1.d4 Nf6 2.c4 e6 3.Nc3 Bb4 4.f3 d5 5.a3 Bxc3+ 6.bxc3 c5 7.cxd5 Nxd5 8.dxc5 f5
9.Nh3 O-O 10.Nf4 Nxc3 11.Qd2 Nd5 12.e3 Nc6 13.Bc4 Nxf4 14.exf4 Qe7 15.Qe3 Rd8
16.Bb2 Qh4+ 17.g3 Qh3 18.Qc3 Qh6 19.O-O b6 20.Rfe1 bxc5 21.Bxe6+ Bxe6 22.Rxe6 Nd4
23.Rxh6 Ne2+ 24.Kf1 Nxc3 25.Rc6 Nd1 26.Be5 Rd2 27.Ke1 Rad8 28.Rc8 Ne3 29.Rxd8+ Rxd8
30.Rc1 c4 31.Ke2 Rd3 32.a4 Nd5 33.Rxc4 Re3+ 34.Kd2 Rxf3 35.Rc5 Nb6 36.Rc7 a5
37.Bd4 Nxa4 38.Rxg7+ Kf8 39.Rg5  1-0

[Event "ch-Euro Youth b16"]
[Site "Albena BUL"]
[Date "2011.09.14"]
[Round "4.12"]
[White "Yudin,I"]
[Black "Draskovic,L"]
[Result "1-0"]
[WhiteElo "2311"]
[BlackElo "2153"]

1.d4 Nf6 2.c4 e6 3.Nc3 Bb4 4.f3 d5 5.a3 Bxc3+ 6.bxc3 c5 7.cxd5 Nxd5 8.dxc5 Qa5
9.e4 Ne7 10.Be3 O-O 11.Qb3 Qc7 12.Bb5 Nec6 13.Ne2 e5 14.O-O Na5 15.Qb4 Be6
16.Nd4 exd4 17.cxd4 Nbc6 18.Qc3 Ne7 19.Rfd1 Rfd8 20.Bf2 b6 21.Bg3 Qb7 22.Rab1 Rac8
23.Bf1 Ba2 24.Rb5 Qd7 25.d5 Nb7 26.Qb2 Nxc5 27.Qxa2 Na4 28.Be1 a6 29.Rb3 b5
30.Qf2 Ng6 31.Qd4 Nf4 32.Ba5 Rc2 33.Rd2 Rdc8 34.Qe3 Ng6 35.Rb1 Ne5 36.Rxc2 Rxc2
37.Rc1 Nc4 38.Bxc4 Rxc4 39.Bb4 Qc7 40.Rxc4 Qxc4 41.d6 Qc2 42.Qd4 Nb2 43.d7 Qc1+
44.Kf2 Nd1+ 45.Ke2  1-0

[Event "2nd Livigno Open A"]
[Site "Livigno ITA"]
[Date "2011.09.15"]
[Round "6.1"]
[White "Volkov,Sergey1"]
[Black "Dgebuadze,A"]
[Result "1/2-1/2"]
[WhiteElo "2614"]
[BlackElo "2544"]

1.d4 e6 2.c4 Nf6 3.Nc3 Bb4 4.f3 d5 5.a3 Bxc3+ 6.bxc3 c5 7.cxd5 Nxd5 8.dxc5 Qa5
9.e4 Ne7 10.Be3 O-O 11.Qb3 Qc7 12.a4 Nec6 13.f4 Na5 14.Qa3 Nd7 15.Nf3 b6
16.cxb6  1/2-1/2

[Event "2nd Livigno Open A"]
[Site "Livigno ITA"]
[Date "2011.09.16"]
[Round "7.24"]
[White "Bosschem,T"]
[Black "Andersson,Thorbjorn"]
[Result "1/2-1/2"]
[WhiteElo "2068"]
[BlackElo "2055"]

1.d4 Nf6 2.c4 e6 3.Nc3 Bb4 4.f3 d5 5.a3 Be7 6.e4 dxe4 7.fxe4 Nc6 8.Nf3 Nd7
9.Be2 O-O 10.O-O e5 11.d5 Nd4 12.Nxd4 exd4 13.Nb5 Bc5 14.Nxd4 a5 15.Kh1 Ra6
16.Rb1 Rf6 17.Nf3 Qe8 18.b4 axb4 19.axb4 Bd6 20.c5 Bf4 21.Bxf4 Rxf4 22.Bd3 Ne5
23.Nxe5 Rxf1+ 24.Qxf1 Qxe5 25.Qf3 Bd7 26.h3 Ra8 27.Rf1 f6 28.Bc4 Kf8 29.Qd3 Ra1
30.Kg1 Rxf1+ 31.Kxf1 Qa1+ 32.Ke2 Qb2+ 33.Qd2 Qe5 34.Bd3 Qh2 35.Kd1 Ba4+ 36.Kc1 Qg1+
37.Kb2 Qd4+ 38.Qc3 Qf2+ 39.Ka3 Bd7 40.e5 fxe5 41.Qxe5 Qxg2 42.Qf4+ Ke8 43.Qe5+ Kf8
44.d6 Qxh3 45.Qe7+ Kg8 46.Kb2 Qxd3 47.Qd8+ Kf7 48.Qxd7+ Kg6 49.Qg4+ Kf6 50.Qh4+ Kg6
51.Qg4+ Kf6 52.Qf4+ Ke6 53.Qg4+ Kf6 54.Qh4+ Kg6 55.Qe1 Qd4+ 56.Kb3 Qd5+ 57.Kc3 cxd6
58.Qg3+ Kf6 59.cxd6 g5 60.Qh3 Qxd6 61.Qh6+ Ke5 62.Qxg5+ Ke6  1/2-1/2

[Event "TCh-Central Serbia 2011"]
[Site "Kraljevo SRB"]
[Date "2011.09.18"]
[Round "3"]
[White "Simantsev,M"]
[Black "Stojanovski,D"]
[Result "1-0"]
[WhiteElo "2549"]
[BlackElo "2427"]

1.d4 Nf6 2.c4 e6 3.Nc3 Bb4 4.f3 c5 5.d5 b5 6.e4 O-O 7.Bg5 h6 8.Bh4 Re8 9.dxe6 Rxe6
10.Bd3 Nc6 11.Ne2 g5 12.Bg3 Ne5 13.Bxe5 Rxe5 14.O-O Bxc3 15.Nxc3 b4 16.Ne2 d6
17.Ng3 Be6 18.b3 Qe7 19.Bc2 a5 20.a4 Kf8 21.Qd2 Rd8 22.Rad1 Ke8 23.Nh1 Nh5
24.g3 Bc8 25.Nf2 Nf6 26.Rfe1 Bb7 27.Re3 Re6 28.f4 gxf4 29.gxf4 d5 30.e5 dxc4
31.Qxd8+ Qxd8 32.Rxd8+ Kxd8 33.bxc4 Nh5 34.f5 Re8 35.Nd3 Rg8+ 36.Kf1 Rg2
37.Re2 Rxe2 38.Kxe2 Be4 39.Nxb4 cxb4 40.Bxe4 Ng7 41.c5 Ne8 42.Kd3 f6 43.e6 Nc7
44.Kc4 Ke7 45.Bc2  1-0

[Event "e2e4 Sunningdale Autumn"]
[Site "Sunningdale ENG"]
[Date "2011.09.18"]
[Round "4"]
[White "Williams,Pe"]
[Black "Croad,N"]
[Result "1-0"]
[WhiteElo "2196"]
[BlackElo "2295"]

1.d4 Nf6 2.c4 e6 3.Nc3 Bb4 4.f3 c5 5.d5 b5 6.e4 bxc4 7.Bxc4 Nxd5 8.Bxd5 exd5
9.Qxd5 Nc6 10.Ne2 Ba6 11.Kf2 O-O 12.Rd1 Qa5 13.a3 Bxc3 14.Nxc3 Rab8 15.Rb1 Qd8
16.Bg5 Qc7 17.Qxc5 Qxh2 18.Nd5 Rb5 19.Qc3 f5 20.Nf4 fxe4 21.Rh1 e3+ 22.Qxe3 Rxb2+
23.Rxb2 Qxh1 24.Qb3+ Kh8 25.Rb1 Qh2 26.Re1 Nd4 27.Qf7  1-0

[Event "TCh-Central Serbia 2011"]
[Site "Kraljevo SRB"]
[Date "2011.09.20"]
[Round "5"]
[White "Simantsev,M"]
[Black "Raicevic,I"]
[Result "1-0"]
[WhiteElo "2549"]
[BlackElo "2282"]

1.d4 e6 2.c4 Nf6 3.Nc3 Bb4 4.f3 c5 5.d5 d6 6.e4 Bxc3+ 7.bxc3 e5 8.Bd3 Nbd7
9.Ne2 O-O 10.O-O Re8 11.Be3 Nf8 12.Qd2 Ng6 13.Ng3 h6 14.a4 Nh7 15.Rab1 Rb8
16.Rb2 Qh4 17.Rfb1 Nf4 18.Bc2 Ng5 19.Nf5 Bxf5 20.exf5 Re7 21.a5 Nh5 22.Bd3 Nf4
23.Bc2 Nh5 24.Bd3 Nf4 25.Bf1 Nh5 26.Re1 Rbe8 27.Reb1 Rb8 28.Qf2 Qxf2+ 29.Kxf2 Nf6
30.h4 Ngh7 31.g4 Kf8 32.Bh3 Ng8 33.g5 hxg5 34.hxg5 f6 35.f4 Ke8 36.fxe5 fxe5
37.Bg4 Nf8 38.Rh1 g6 39.Rh8 Rh7 40.Rxg8 Rh2+ 41.Kf3 Rxb2 42.fxg6 Ke7 43.Rh8  1-0

[Event "TCh-Central Serbia 2011"]
[Site "Kraljevo SRB"]
[Date "2011.09.22"]
[Round "8.2"]
[White "Djukic,St"]
[Black "Sredojevic,I"]
[Result "1-0"]
[WhiteElo "2226"]
[BlackElo "2426"]

1.d4 Nf6 2.c4 e6 3.Nc3 Bb4 4.f3 c5 5.d5 b5 6.e4 bxc4 7.Bxc4 exd5 8.exd5 O-O
9.Bg5 Bxc3+ 10.bxc3 d6 11.Ne2 Nbd7 12.O-O h6 13.Bh4 Nb6 14.Qd3 a5 15.Bb5 Nbxd5
16.Qxd5 Nxd5 17.Bxd8 Rxd8 18.Bc6 Ne3 19.Bxa8 Nxf1 20.Kxf1 Ba6 21.Bd5 Rb8
22.c4 Rb2 23.a3 Rc2 24.Rc1 Ra2 25.Rc3 a4 26.Bc6 Rb2 27.Kf2 f5 28.Ke3 g5 29.f4 Kg7
30.h3 Kf6 31.g3 Ke6 32.Bxa4 g4 33.hxg4 fxg4 34.Bc6 Kf6 35.a4 h5 36.Nc1 Ke7
37.Nd3 Ra2 38.Rc1 Ke6 39.Be8 Kf5 40.Bd7+ Kf6 41.Bc6 Kf5 42.Rc3 Ke6 43.Nf2 Ke7
44.Ne4 Bc8 45.Rb3 Ba6 46.f5 Bxc4 47.Rb7+ Kf8 48.Nxd6 Re2+ 49.Kf4 Ba2 50.f6 Kg8
51.Rb8+  1-0

[Event "2nd Biella Open A"]
[Site "Biella ITA"]
[Date "2011.09.26"]
[Round "5.6"]
[White "Rambaldi,Francesco"]
[Black "Genocchio,D"]
[Result "0-1"]
[WhiteElo "2176"]
[BlackElo "2432"]

1.d4 Nf6 2.c4 e6 3.Nc3 Bb4 4.f3 d5 5.a3 Be7 6.e4 c5 7.e5 Nfd7 8.cxd5 exd5
9.Be3 cxd4 10.Bxd4 Nc6 11.f4 Nxd4 12.Qxd4 Bc5 13.Qd2 O-O 14.Nf3 Nb6 15.b3 a5
16.Be2 Qe7 17.Nb5 f6 18.exf6 Rxf6 19.Nfd4 Bg4 20.h3 Bxe2 21.Qxe2 Re8 22.Qxe7 Rxe7+
23.Kd2 Rxf4 24.Nf3 a4 25.Rab1 axb3 26.Rxb3 Nc4+ 27.Kc1 Re2 28.Nc3 Be3+ 29.Kb1 Rxg2
30.Ne1 Rd2 31.Nc2 Rxc2 32.Kxc2 Rf2+ 33.Kb1 Nd2+ 34.Kc2 Nc4+ 35.Kb1 Nd2+ 36.Kc2 Nxb3+
37.Kxb3 d4 38.Nd5 Kf7 39.Kc4 Ke6 40.Rb1 Rc2+ 41.Kd3 Rh2  0-1

[Event "FPX 70 Anos"]
[Site "Sao Paulo BRA"]
[Date "2011.09.26"]
[Round "1.4"]
[White "Abdalla,L"]
[Black "Lebredo Zaragoitia,G"]
[Result "1-0"]
[WhiteElo "2241"]
[BlackElo "2240"]

1.d4 Nf6 2.c4 e6 3.Nc3 Bb4 4.f3 d5 5.a3 Bxc3+ 6.bxc3 O-O 7.e3 c5 8.cxd5 exd5
9.Bd3 b6 10.Ne2 Ba6 11.O-O Bxd3 12.Qxd3 Re8 13.Ng3 Nc6 14.Bb2 c4 15.Qd2 h5
16.Rae1 b5 17.e4 a5 18.e5 Nh7 19.f4 b4 20.axb4 axb4 21.cxb4 Qb6 22.Bc3 Ra3
23.Nxh5 Rb3 24.Re3 Rxc3 25.Rxc3 Nxd4 26.Kh1 g6 27.Qf2 Re6 28.Ng3 Nb5 29.Rcc1 Qxf2
30.Rxf2 g5 31.Rd2 Nc7 32.fxg5 Rxe5 33.h4 f6 34.gxf6 Re3 35.Nf5 Re4 36.Ne7+ Kf7
37.Nxd5 Rxh4+ 38.Kg1 Nb5 39.g3 Rg4 40.Kg2 Ng5 41.Ne3 Re4 42.Nxc4 Kxf6 43.Rb2 Rd4
44.Nd2 Ne6 45.Rc4 Rd3 46.Ne4+ Ke5 47.Nc5 Kd5 48.Nxd3  1-0

[Event "16th ECC w"]
[Site "Rogaska Slatina SLO"]
[Date "2011.09.28"]
[Round "4.1"]
[White "Danielian,E"]
[Black "Dzagnidze,N"]
[Result "1/2-1/2"]
[WhiteElo "2517"]
[BlackElo "2525"]

1.d4 Nf6 2.c4 e6 3.Nc3 Bb4 4.f3 d5 5.a3 Bxc3+ 6.bxc3 c5 7.cxd5 exd5 8.e3 O-O
9.Bd3 b6 10.Ne2 Ba6 11.Bb1 Re8 12.O-O Nc6 13.Re1 Rc8 14.Nf4 Rc7 15.Ra2 Qc8
16.g4 Bc4 17.Rg2 cxd4 18.cxd4 Ne7 19.g5 Nd7 20.e4 Ng6 21.Nxg6 hxg6 22.Bf4 Rc6
23.Qd2 Nf8 24.Qf2 Bb3 25.Qh4 Ne6 26.Be3 Rc3 27.Qf2 Qd7 28.e5 Qa4 29.f4 Rxe3
30.Qxe3 Nxd4 31.Rg3 Bc2 32.Qc1 Bxb1 33.Qxb1 Nf5 34.Rf3 Nh4 35.Rf2 Qxa3 36.Qc1 Qb4
37.Qb1 Qc5 38.Qd3 Nf5 39.Qc2 Qb4 40.Qd2 Qb5 41.Rc1 Qd7 42.Qc3 Ne7 43.e6 fxe6
44.Qc7 Qa4 45.Qd6 Qe4 46.Qe5 Nf5 47.Qxe4 dxe4 48.Rfc2 Kf7 49.Rc7+ Re7 50.Rxe7+ Kxe7
51.Rc7+ Kd6 52.Rxa7 b5 53.Ra6+ Kd5 54.Rb6 Nd4 55.Kf2 Kc5 56.Rb7 Nf5 57.Ke2 b4
58.Kd2 Kc4 59.Rc7+ Kd4 60.Rd7+ Kc4 61.Rc7+ Kb3 62.Rc6 Nd4 63.Rc7 Nf5 64.Rc6 e3+
65.Kd3 Ka2 66.Rxe6 b3 67.Kc3 b2 68.Ra6+ Kb1 69.Rb6 Kc1 70.Rxb2 Kd1 71.Kd3 Ke1
72.Re2+ Kf1 73.h3 Kg1 74.h4 Kf1 75.Rxe3 Kf2 76.Re6 Kf3 77.Rxg6 Nxh4 78.Rxg7 Kxf4
79.Kc4 Kf5 80.Kd5 Ng6 81.Kd6 Kxg5 82.Ke6 Kh5 83.Kf6 Nh4 84.Rg8 Nf3 85.Rg3 Nh4
86.Rg5+ Kh6 87.Ra5 Ng6 88.Ra7 Nh4 89.Rg7 Kh5 90.Rg5+ Kh6 91.Rg1 Kh5 92.Rg8 Nf3
93.Kf5 Nh4+ 94.Ke5 Ng6+ 95.Kf6 Nh4 96.Rg5+  1/2-1/2

[Event "Oslo GM Open"]
[Site "Oslo NOR"]
[Date "2011.10.02"]
[Round "1"]
[White "Hammer,J"]
[Black "Gabrielsen,S"]
[Result "1-0"]
[WhiteElo "2601"]
[BlackElo "2311"]

1.d4 Nf6 2.c4 e6 3.Nc3 Bb4 4.f3 d5 5.a3 Bxc3+ 6.bxc3 O-O 7.cxd5 exd5 8.e3 b6
9.Bd3 Ba6 10.Ne2 Bxd3 11.Qxd3 Qc8 12.O-O Qa6 13.Qc2 c5 14.Ng3 Nc6 15.Bb2 Rac8
16.Qf2 cxd4 17.cxd4 Qd3 18.Rad1 Qg6 19.Rde1 Rfe8 20.e4 Ne7 21.e5 Nd7 22.f4 Nf5
23.Nxf5 Qxf5 24.Qf3 Rc2 25.Bc1 Qe6 26.f5 Qc6 27.f6 g6 28.Qf4 Nf8 29.Qh6 Ne6
30.Rf3  1-0

[Event "Oslo GM Open"]
[Site "Oslo NOR"]
[Date "2011.10.03"]
[Round "2.18"]
[White "Briseid,H"]
[Black "Van Eijk,S"]
[Result "0-1"]
[WhiteElo "2145"]
[BlackElo "2372"]

1.d4 Nf6 2.c4 e6 3.Nc3 Bb4 4.f3 c5 5.d5 b5 6.e4 O-O 7.e5 Nh5 8.g3 Re8 9.f4 g6
10.dxe6 Bb7 11.exf7+ Kxf7 12.Nf3 bxc4 13.Kf2 Bxc3 14.Bxc4+ d5 15.exd6 Kg7
16.bxc3 Nf6 17.Ng5 Bxh1 18.Qxh1 Ng4+ 19.Kf1 Qxd6 20.Qd5 Qd7 21.Ne6+ Kh8 22.Qxd7 Nxd7
23.Nc7 Nxh2+ 24.Kg2 Ng4 25.Nxa8 Rxa8 26.Be6 Ndf6 27.Ba3 Ne3+ 28.Kf3 Nc2 29.Bb2 Nxa1
30.c4 Kg7 31.Bxa1 Rb8 32.g4 Rb6 33.f5 gxf5 34.Bxf5 h6 35.Kf4 Kf7 36.Ke5 Ra6
37.Bb2 Rxa2 38.Bc1 Ra6 39.Be3 Rc6 40.Bd2 Ke7 41.Bxh6 Nxg4+ 42.Bxg4 Rxh6 43.Kd5 Rg6
44.Bd1 Rd6+  0-1

[Event "Oslo GM Open"]
[Site "Oslo NOR"]
[Date "2011.10.04"]
[Round "4.4"]
[White "Volkov,Sergey1"]
[Black "Rozentalis,E"]
[Result "1/2-1/2"]
[WhiteElo "2614"]
[BlackElo "2575"]

1.d4 Nf6 2.c4 e6 3.Nc3 Bb4 4.f3 d5 5.a3 Be7 6.e4 dxe4 7.fxe4 e5 8.d5 O-O
9.Nf3 Bg4 10.h3 Bxf3 11.Qxf3 Bc5 12.Bd3 Nbd7 13.Bd2 c6 14.O-O-O a5 15.Kb1 Bd4
16.Ne2 Qb6 17.Bc1 Rfe8 18.g4 cxd5 19.cxd5 Rac8 20.Rh2 Nc5 21.Bc2 Nfd7 22.h4 a4
23.Rh3 Nf6 24.g5 Nfxe4 25.Nxd4 exd4 26.Rxd4 Nd6 27.Rb4 Qd8 28.Rh1 Qe7 29.Bf4 b5
30.Rd1 Rcd8 31.h5 Nce4 32.h6 g6 33.Bxe4 Nxe4 34.Rxb5 Qd7 35.Qf1 f6 36.d6 Qe6
37.gxf6 Rf8 38.Be5 Nxf6 39.Qd3 Ng4 40.Bg7 Rf7 41.Qd5 Qxd5 42.Rdxd5 Ne3 43.Rd2 Nf5
44.Bc3 Nxh6 45.Ra5 Rfd7 46.Rxa4 Nf5 47.Be5 Nxd6 48.Ka2 Nf5 49.Rxd7 Rxd7 50.Ra8+ Kf7
51.a4 Ke6 52.Bc3 h5 53.a5 h4 54.Rg8 Ne7 55.Rg7 Nd5 56.Rxg6+ Kf5 57.Rc6 h3
58.Rh6 Nxc3+ 59.bxc3 Kg4 60.Kb3 Kg3 61.c4 h2 62.c5 Rd1 63.Kc4 Ra1 64.Kb5 Rb1+
65.Kc6 Ra1 66.Kb6 Rb1+ 67.Ka6 Rc1  1/2-1/2

[Event "FSIMA Oct"]
[Site "Budapest HUN"]
[Date "2011.10.06"]
[Round "6"]
[White "Sisatto,O"]
[Black "Petran,Pa"]
[Result "0-1"]
[WhiteElo "2236"]
[BlackElo "2384"]

1.d4 Nf6 2.c4 e6 3.Nc3 Bb4 4.f3 d5 5.a3 Bxc3+ 6.bxc3 c6 7.e4 dxe4 8.fxe4 e5
9.Nf3 Qa5 10.Bd2 Nxe4 11.Nxe5 O-O 12.Bd3 Nxd2 13.Qxd2 f6 14.O-O Nd7 15.Nf3 Re8
16.Rae1 Qd8 17.Rxe8+ Qxe8 18.Re1 Qf7 19.Qf4 Nf8 20.Qd6 Be6 21.d5 cxd5 22.cxd5 Bxd5
23.Ng5 Qd7 24.Bxh7+ Kh8 25.Qxd7 Nxd7 26.Bf5 Ne5 27.Nh3 g6 28.Rd1 Bf7 29.Be4 Rc8
30.Bxb7 Rxc3 31.a4 Kg7 32.a5 Ra3 33.a6 Bc4 34.Rc1 Bxa6 35.Nf4 Bxb7 36.Rc7+ Kh6
37.Rxb7 a5 38.h3 a4 39.Nd5 Kg5 40.Ra7 Rd3 41.Nc7 a3 42.Nb5 Nc4 43.Ra4 Rb3
44.Nd4 Rb2 45.Kh2 a2 46.Ne6+ Kf5 47.Nc5 Ne3 48.Kg3 Nc2 49.Kh4 Nb4 50.Ra5 Kf4
51.g3+ Kf3 52.Ra3+ Kg2 53.Ne4 Rb1 54.g4 a1=Q 55.Rg3+ Kh2 56.Nd2 g5+  0-1

[Event "Oslo GM Open"]
[Site "Oslo NOR"]
[Date "2011.10.06"]
[Round "6.2"]
[White "Volkov,Sergey1"]
[Black "Hammer,J"]
[Result "1-0"]
[WhiteElo "2614"]
[BlackElo "2601"]

1.d4 Nf6 2.c4 e6 3.Nc3 Bb4 4.f3 d5 5.a3 Be7 6.e4 dxe4 7.fxe4 e5 8.d5 Bc5
9.Nf3 Bg4 10.h3 Bxf3 11.Qxf3 Nbd7 12.Bd3 O-O 13.Bd2 c6 14.O-O-O Qb6 15.Rhf1 Bd4
16.Kb1 Nc5 17.Bc2 Ne8 18.Bc1 Nd6 19.Ne2 Rae8 20.Nxd4 exd4 21.e5 Nxc4 22.Rxd4 cxd5
23.Rxd5 Qc6 24.Re1 f6 25.Qh5 f5 26.Qd1 Nb6 27.Rd6 Qxg2 28.Rg1 Qh2 29.Bh6 Re7
30.Rd8 Ncd7 31.Bb3+ Kh8 32.Rxg7 Rxg7 33.Bxg7+ Kxg7 34.Rxd7+ Nxd7 35.Qxd7+ Kh8
36.e6 Qg1+ 37.Ka2 Qg6 38.Ba4 b5 39.Bxb5 Qf6 40.e7 Qf7+ 41.Kb1  1-0

[Event "Continental Class Ch."]
[Site "Arlington USA"]
[Date "2011.10.07"]
[Round "3"]
[White "Coleman,T"]
[Black "Friedel,J"]
[Result "0-1"]
[WhiteElo "2312"]
[BlackElo "2518"]

1.d4 Nf6 2.c4 e6 3.Nc3 Bb4 4.f3 O-O 5.a3 Bxc3+ 6.bxc3 Nh5 7.Nh3 f5 8.e3 d6
9.Bd3 e5 10.O-O Nc6 11.f4 Qe8 12.fxe5 dxe5 13.Ra2 e4 14.Be2 Nf6 15.c5 Na5
16.c4 b6 17.Bd2 Nb7 18.cxb6 axb6 19.Bc3 Qa4 20.Qa1 Nd6 21.Rb1 Ba6 22.Rb4 Qd7
23.d5 Qe7 24.Nf4 Bc8 25.a4 g5 26.Nh3 f4 27.Nxg5 f3 28.gxf3 exf3 29.Nxf3 Qxe3+
30.Kh1 Bg4 31.Bxf6 Ne4 32.Qd4 Bxf3+ 33.Bxf3 Qxf3+ 34.Rg2+ Kf7 35.Bh4 Rg8
36.Rb2 Rxa4 37.Qg1 Rxg2 38.Rxg2 Ra2 39.h3 Qxh3+ 40.Qh2 Ra1+ 41.Rg1 Rxg1+
42.Kxg1 Qxh2+ 43.Kxh2 Ke8  0-1

[Event "Continental Class Ch."]
[Site "Arlington USA"]
[Date "2011.10.08"]
[Round "5"]
[White "Colas,Joshua"]
[Black "Harmon,L"]
[Result "0-1"]
[WhiteElo "2025"]
[BlackElo "2204"]

1.d4 Nf6 2.c4 e6 3.Nc3 Bb4 4.f3 d5 5.a3 Bxc3+ 6.bxc3 c5 7.cxd5 Nxd5 8.dxc5 Qa5
9.e4 Ne7 10.Be3 O-O 11.Ne2 e5 12.Kf2 Be6 13.Qb1 Nd7 14.Qb4 Qc7 15.Rb1 Rab8
16.Nc1 f5 17.Bc4 Bxc4 18.Qxc4+ Kh8 19.exf5 Nxf5 20.Re1 e4 21.Qxe4 Rbe8 22.Rxb7 Qc8
23.Qb4 Nf6 24.Bd2 a5 25.Rxe8 Rxe8 26.Qb5 Qd8 27.Nb3 a4 28.Qxa4 Qd3 29.Qb5 Re2+
30.Kg1 Qb1+ 31.Bc1 Qc2 32.Rb8+ Ng8 33.Nd2 Qxc1+ 34.Nf1 Qe1 35.Rxg8+ Kxg8
36.Qb8+ Re8 37.Qb3+ Kh8  0-1

[Event "TCh-POL Ekstraliga"]
[Site "Katowice POL"]
[Date "2011.10.08"]
[Round "8.2"]
[White "Praszak,M"]
[Black "Skalik,P"]
[Result "1/2-1/2"]
[WhiteElo "2190"]
[BlackElo "2375"]

1.d4 Nf6 2.c4 e6 3.Nc3 Bb4 4.f3 d5 5.Bg5 h6 6.Bh4 Nbd7 7.e3 O-O 8.Bd3 c5
9.Ne2 cxd4 10.exd4 dxc4 11.Bxc4 Nb6 12.Bb3 a5 13.a3 Be7 14.O-O Bd7 15.Qd3 Nfd5
16.Bxe7 Qxe7 17.Nxd5 exd5 18.Nf4 Qd6 19.g3 a4 20.Ba2 Rac8 21.Rac1 g6 22.Rfe1 Kg7
23.Qd2 Nc4 24.Bxc4 dxc4 25.Qc3 Rfd8 26.Re5 b5 27.Rce1 Rb8 28.Re7 Kg8 29.d5 Re8
30.Nxg6 Qxg6 31.Rxd7 Rxe1+ 32.Qxe1 Qf5 33.Rd6 Qxf3 34.Qe5 Qd1+ 35.Kg2 Qd2+
36.Kh3 Qg5 37.Qxg5+ hxg5 38.Kg4 b4 39.axb4 Rxb4 40.Kxg5 Rxb2 41.Rc6 Rxh2
42.Rxc4 a3 43.Kf6 Rf2+ 44.Ke7 a2 45.Ra4 Kg7 46.d6 Re2+ 47.Kd8 Kg6 48.d7 f6
49.Kc8 Rc2+  1/2-1/2